Study of growth and expansion of postal network in Arunachal Pradesh (Record no. 501427)

000 -LEADER
fixed length control field 00421cam a22001217a 4500
008 - FIXED-LENGTH DATA ELEMENTS--GENERAL INFORMATION
fixed length control field 180718b1987 xxu||||| |||| 00| 0 eng d
082 ## - DEWEY DECIMAL CLASSIFICATION NUMBER
Classification number APPPA 86-87 DEW
100 ## - MAIN ENTRY--PERSONAL NAME
Personal name Dewri, Indibar
245 ## - TITLE STATEMENT
Title Study of growth and expansion of postal network in Arunachal Pradesh
Statement of responsibility, etc. by Indibar Dewri
260 ## - PUBLICATION, DISTRIBUTION, ETC.
Place of publication, distribution, etc. New Delhi
Name of publisher, distributor, etc. Indian Institute of Public Administration
Date of publication, distribution, etc. 1987
300 ## - PHYSICAL DESCRIPTION
Extent 147p.
650 ## - SUBJECT ADDED ENTRY--TOPICAL TERM
Topical term or geographic name entry element Postal network-Arunachal Pradesh
Holdings
Withdrawn status Lost status Damaged status Not for loan Permanent Location Current Location Date acquired Full call number Barcode Date last seen Price effective from Koha item type
        Indian Institute of Public Administration Indian Institute of Public Administration 2018-08-04 APPPA 86-87 DEW GR11977 2018-08-04 2018-08-04 GR

Powered by Koha